| 000 | 00803nam a2200253Ia 4500 | ||
|---|---|---|---|
| 003 | OSt | ||
| 005 | 20221005083832.0 | ||
| 006 | a|||||r|||| 00| 0 | ||
| 007 | ta | ||
| 008 | 221004b |||||||| |||| 00| 0 eng d | ||
| 020 |
_a8190363433 (pbk) _c395 |
||
| 024 | _a96615 | ||
| 037 |
_b8256, 21/01/2009, Elite Publishers Distributors _cTextual |
||
| 040 |
_aCRL _cCRL _beng |
||
| 041 |
_2eng _aeng |
||
| 082 | _aO111944,3:gP1, P8 | ||
| 100 |
_aChanda Nandini _9558145 |
||
| 245 | 0 |
_aClassic popular _b Amar chtra katha 1967-2007 |
|
| 260 |
_aNew Delhi _bYoda Press India _c2008 |
||
| 300 |
_axv,243p. _ccm. |
||
| 650 | _aENGLISH LITERATURE | ||
| 942 |
_hO111944,3:gP1, P8 _cTEXL _2cc |
||
| 999 |
_c991654 _d991654 |
||